Zákonitosti rozvoja životnej úrovne v súčasnom období výstavby socialistickej spoločnosti v ČSSR teoretická štúdia : SPZV VIII-3-5/04 : skrátená verzia

Salvato in:
Dettagli Bibliografici
Autore principale: Fronková, Viola
Altri autori: Lenczová, T.
Natura: Libro
Lingua:slovacco
Pubblicazione: Bratislava Výskumný ústav sociálneho rozvoja a práce 1985
Tags: Aggiungi Tag
Nessun Tag, puoi essere il primo ad aggiungerne!!

MARC

LEADER 00000nam a2200000 4500
001 c109555
005 20181203150307.8
041 0 |a slo 
044 |a SK 
245 1 0 |a Zákonitosti rozvoja životnej úrovne v súčasnom období výstavby socialistickej spoločnosti v ČSSR  |b teoretická štúdia : SPZV VIII-3-5/04 : skrátená verzia  |c V. Fronková, T. Lenczová 
264 1 |a Bratislava  |b Výskumný ústav sociálneho rozvoja a práce  |c 1985 
300 |a 105 s. 
100 1 |a Fronková, Viola 
700 1 |a Lenczová, T.